K teoretickým a metodologickým aspektom skúmania geopolitického pôsobenia

Skúmanie mechanizmu pôsobenia geopolitiky ako skúmanie a vnímanie geopolitiky v pohybe. Pojem geopolitický priestor. Klasifikácia geopolitického priestoru a geopolitických faktorov. Geopolitické myslenie. Základný geopolitický dualizmus - morská a pozemská sila. Základné etapy vzájomného vzťahu medz...

Ausführliche Beschreibung

Gespeichert in:
Bibliographische Detailangaben
1. Verfasser: Volner, Štefan
Format: Buchkapitel
Sprache:Slowakisch
Schlagworte:
Tags: Tag hinzufügen
Keine Tags, Fügen Sie das erste Tag hinzu!

MARC

LEADER 00000naa$a2200000$$$4500
001 0026135
005 20220729110324.3
041 0 |a slo 
044 |a SK 
245 1 0 |a K teoretickým a metodologickým aspektom skúmania geopolitického pôsobenia  |c Štefan Volner 
520 |a Skúmanie mechanizmu pôsobenia geopolitiky ako skúmanie a vnímanie geopolitiky v pohybe. Pojem geopolitický priestor. Klasifikácia geopolitického priestoru a geopolitických faktorov. Geopolitické myslenie. Základný geopolitický dualizmus - morská a pozemská sila. Základné etapy vzájomného vzťahu medzi morskou silou a pozemnou silou. 
610 2 0 |a geopolitika 
610 2 0 |a politika medzinárodná 
610 2 0 |a globalizácia 
610 2 0 |a vzťahy politické medzinárodné 
610 2 0 |a more 
610 2 0 |a moc politická 
610 2 0 |a história 
610 2 0 |a USA 
610 2 0 |a Európa 
100 1 |a Volner, Štefan